000 01228cad a22002175a 4500
001 L156827
008 120717s2012 xxk f 000 0 eng d
020 _a9781842197776
035 _a(Sirsi) u156827
041 0 _aeng
110 2 _aRoyal Institution of Chartered Surveyors
_94900
245 0 0 _aValuation of renewable energy installations
_h[electronic resource]
260 _aCoventry
_bRICS
_c2012
490 0 _aRICS Information Paper
_v30/2012
505 2 _aIntroduction and scope -- Valuation challenges -- Purpose of valuation and confirmation of instructions -- General principles of valuation as applicable to renewables -- Common issues -- Conclusion: forming a defensible view.
520 _aAddresses the capital and rental valuation of freehold and leasehold landed interests for sites where a significant part of the value arises, or might arise, from the potential to generate renewable energy ? principally electricity. Part of the Red Book 2012.
521 _aAdvanced
651 4 _aENGLAND AND WALES
856 4 0 _uhttps://www.rics.org/Global/Valuation_of_renewable_energy_installations_1st_edition_PGguidance_2012.pdf
_zView the item free of charge (member-only access) at www.rics.org...
942 _n0
999 _c114441
_d114441